فقه الصلاة و أحكامها / (رقم التسجيلة. 60044)

تفاصيل مارك
000 -LEADER
fixed length control field 00622nam a22002057a 4500
005 - DATE AND TIME OF LATEST TRANSACTION
control field 20251108171232.0
008 - FIXED-LENGTH DATA ELEMENTS--GENERAL INFORMATION
fixed length control field 250721s1988 xx 000 0 ara d
082 14 - DEWEY DECIMAL CLASSIFICATION NUMBER
Classification number م/216.22/تيم
100 1# - MAIN ENTRY--PERSONAL NAME
Personal name إبن تيميه، تقي الدين أبو العباس ....
245 10 - TITLE STATEMENT
Title فقه الصلاة و أحكامها /
264 1# - PRODUCTION, PUBLICATION, DISTRIBUTION, MANUFACTURE, AND COPYRIGHT NOTICE
Place of production, publication, distribution, manufacture بيروت :
Name of producer, publisher, distributor, manufacturer دار الفكر العربي،
Date of production, publication, distribution, manufacture, or copyright notice 1988.
300 ## - PHYSICAL DESCRIPTION
Extent 603ص
650 17 - SUBJECT ADDED ENTRY--TOPICAL TERM
Topical term or geographic name as entry element الإسلام
650 17 - SUBJECT ADDED ENTRY--TOPICAL TERM
Topical term or geographic name as entry element الفقه
650 17 - SUBJECT ADDED ENTRY--TOPICAL TERM
Topical term or geographic name as entry element العبادات
650 17 - SUBJECT ADDED ENTRY--TOPICAL TERM
Topical term or geographic name as entry element الصلاة
700 1# - ADDED ENTRY--PERSONAL NAME
Personal name الجميلي، السيد
Relator term تحقيق
942 ## - ADDED ENTRY ELEMENTS (KOHA)
Source of classification or shelving scheme Dewey Decimal Classification
Koha item type مراجع
المقتنيات
حالة السحب حالة الفقدان مصدر التصنيف حالة التلف غير قابل للإعارة المكتبة الرئيسية المكتبة الحالية موقع الرف تاريخ التزويد الرقم المتسلسل Total Checkouts رقم الإستدعاء الباركود تاريخ آخر ظهور تاريخ الفاتورة نوع المادة (كوها)
    Dewey Decimal Classification   Not For Loan مكتبة النصر العامة مكتبة النصر العامة مراجع 06/07/2004 3063   م/216.22/تيم 3063 28/07/2025 06/07/2004 مراجع
    Dewey Decimal Classification   Not For Loan مكتبة النصر العامة مكتبة النصر العامة مراجع 06/07/2004 2063   م/216.22/تيم 2063 28/07/2025 06/07/2004 مراجع
Implemented & Customized by: BBB with SCIT (Smart Chains for Information Technology)

Powered by Koha